000 00300nam a2200133Ia 4500
100 _aStonley/J
942 _cBK
654 _aCalculations
245 _aWorkshop Engineering calculations I
260 _bEnglish Universities Press Ltd.
_c2001
082 _a510
300 _a196
546 _aENGLISH
999 _c28722
_d28722